Sewers and spies (Record no. 74886)

MARC details
000 -LEADER
fixed length control field 01834cam a2200337 4500
001 - CONTROL NUMBER
control field ABS68691
008 - FIXED-LENGTH DATA ELEMENTS--GENERAL INFORMATION
fixed length control field 040528n2005 000 0 eng u
035 ## - SYSTEM CONTROL NUMBER
System control number (Sirsi) u128953
100 ## - MAIN ENTRY--PERSONAL NAME
Personal name Bickford-Smith, S.
245 ## - TITLE STATEMENT
Title Sewers and spies
260 ## - PUBLICATION, DISTRIBUTION, ETC.
Date of publication, distribution, etc. 2005
490 ## - SERIES STATEMENT
Series statement Solicitors' Journal
Volume/sequential designation 149(8) 25 February 2005, 218-219(2)
520 ## - SUMMARY, ETC.
Summary, etc. Reports on "Severn Trent Water Ltd v Barnes" ([2004] EWCA Civ 570, Abs67785) which provides guidance on restitutionary damages in tort. The case concerned a claim by a landowner for compensation following the laying of a water main under his land without proper notice under the Water Industry Act 1991. The CA upheld the trial judge's award of £110 which is the amount that the LT would have given in compensation and £500 for the loss of the opportunity that he would have had to negotiate a higher figure. The landowner's claim for loss of value and amenity in the land were rejected. The compensation was less than the landowner could have achieved in negotiation. This illustrates the dangers for claimants who try to pursue exaggerated and defectively formulated damages claims.
590 ## - LOCAL NOTE (RLIN)
Local note ABS
650 ## - SUBJECT ADDED ENTRY--TOPICAL TERM
Topical term or geographic name entry element SEVERN TRENT WATER LTD V BARNES
650 ## - SUBJECT ADDED ENTRY--TOPICAL TERM
Topical term or geographic name entry element WROTHAM PARK ESTATE CO LTD V PARKSIDE HOMES LTD
650 ## - SUBJECT ADDED ENTRY--TOPICAL TERM
Topical term or geographic name entry element ATTORNEY GENERAL V BLAKE
650 ## - SUBJECT ADDED ENTRY--TOPICAL TERM
Topical term or geographic name entry element INVERUGIE INVESTMENTS LTD V HACKETT
650 ## - SUBJECT ADDED ENTRY--TOPICAL TERM
Topical term or geographic name entry element JAGGARD V SAWYER AND ANOTHER
650 ## - SUBJECT ADDED ENTRY--TOPICAL TERM
Topical term or geographic name entry element KETLEY V GOODEN
650 ## - SUBJECT ADDED ENTRY--TOPICAL TERM
Topical term or geographic name entry element MINISTRY OF DEFENCE V ASHMAN
650 ## - SUBJECT ADDED ENTRY--TOPICAL TERM
Topical term or geographic name entry element DEAN AND CHAPTER OF THE CATHEDRAL AND METROPOLITAN CHURCH OF CHRIST CANTERBURY V WHITBREAD PLC
650 ## - SUBJECT ADDED ENTRY--TOPICAL TERM
Topical term or geographic name entry element WATER INDUSTRY ACT 1991 S159
650 ## - SUBJECT ADDED ENTRY--TOPICAL TERM
Topical term or geographic name entry element WAYLEAVES
650 ## - SUBJECT ADDED ENTRY--TOPICAL TERM
Topical term or geographic name entry element LAND VALUES
650 ## - SUBJECT ADDED ENTRY--TOPICAL TERM
Topical term or geographic name entry element COMPENSATION
650 ## - SUBJECT ADDED ENTRY--TOPICAL TERM
Topical term or geographic name entry element TRESPASS
650 ## - SUBJECT ADDED ENTRY--TOPICAL TERM
Topical term or geographic name entry element RESTITUTIONARY DAMAGES
690 ## - LOCAL SUBJECT ADDED ENTRY--TOPICAL TERM (OCLC, RLIN)
Topical term or geographic name as entry element Boundary disputes
9 (RLIN) 6221
942 ## - ADDED ENTRY ELEMENTS (KOHA)
Suppress in OPAC 0
Holdings
Withdrawn status Lost status Source of classification or shelving scheme Damaged status Not for loan Home library Current library Shelving location Date acquired Total Checkouts Full call number Barcode Date last seen Copy number Price effective from Koha item type
    Dewey Decimal Classification     London London Journal article 07/03/2005   ABS68691 128953-1001 06/08/2019 1 06/08/2019 Journal article